LIBRARY & INFORMATION CENTRE, KCAET, TAVANUR

ONLINE PUBLIC ACCESS CATALOGUE (OPAC)

Pre-university geometry / (Record no. 3018)

MARC details
000 -LEADER
fixed length control field 00425cam a2200181ua 4500
041 ## - LANGUAGE CODE
Language code of text/sound track or separate title eng
082 ## - DEWEY DECIMAL CLASSIFICATION NUMBER
Classification number 516
Item number SUB/PR
100 ## - MAIN ENTRY--AUTHOR NAME
Personal name Subba Rao, K .
245 ## - TITLE STATEMENT
Title Pre-university geometry /
250 ## - EDITION STATEMENT
Edition statement 1 /
260 ## - PUBLICATION, DISTRIBUTION, ETC. (IMPRINT)
Place of publication Madras :
Name of publisher Central Art Press ,
Year of publication 1959.
300 ## - PHYSICAL DESCRIPTION
Number of Pages 172 ; .
942 ## - ADDED ENTRY ELEMENTS (KOHA)
Koha item type Books
Holdings
Withdrawn status Lost status Damaged status Home library Current library Date acquired Cost, normal purchase price Full call number Accession Number Koha item type
Withdrawn     KAUAET KAUAET 07/04/2012 2.50 516 7375 Books
free website counter